| Tag |
First Indicator |
Second Indicator |
Subfields |
| LEADER |
00000cam a2200000 a 4500 |
| 001 |
in00001404090 |
| 005 |
20151020054321.0 |
| 008 |
971007s1997 nyu 000 0 eng d |
| 020 |
|
|
|a 0028618890 :
|c $5.95
|
| 035 |
|
|
|a (OCoLC)37744299
|
| 035 |
|
|
|9 AHN1094AM
|
| 040 |
|
|
|a OCO
|c OCO
|d UtOrBLW
|
| 049 |
|
|
|a TXAM
|
| 090 |
|
|
|a TK5105.857.I57
|b .P43 1997
|
| 092 |
|
|
|a 651.8440403
|b I6186, P523w
|
| 100 |
1 |
|
|a Pfaffenberger, Bryan,
|d 1949-
|
| 245 |
1 |
0 |
|a Webster's New World pocket Internet directory and dictionary /
|c by Bryan Pfaffenberger and Lycos ; Faithe Wempen, editor.
|
| 246 |
3 |
0 |
|a New World pocket Internet directory and dictionary
|
| 246 |
3 |
0 |
|a Internet directory and dictionary
|
| 264 |
|
1 |
|a New York, NY :
|b Macmillan General Reference,
|c [1997]
|
| 264 |
|
4 |
|c ©1997
|
| 300 |
|
|
|a xiv, 374 pages ;
|c 15 cm.
|
| 336 |
|
|
|a text
|b txt
|2 rdacontent
|
| 337 |
|
|
|a unmediated
|b n
|2 rdamedia
|
| 338 |
|
|
|a volume
|b nc
|2 rdacarrier
|
| 650 |
|
0 |
|a Internet addresses
|v Directories.
|
| 650 |
|
0 |
|a Internet
|v Dictionaries.
|
| 700 |
1 |
|
|a Wempen, Faithe.
|
| 710 |
2 |
|
|a Lycos, Inc.
|
| 948 |
|
|
|a c:blr
|
| 999 |
|
|
|a MARS
|
| 999 |
f |
f |
|s 7a19c262-e552-3fe0-8bc2-51ead974fcfd
|i 291e8686-d383-3101-a813-02ded7051ddd
|t 0
|
| 952 |
f |
f |
|p ric
|a Texas A&M University
|b Rellis Campus
|c Joint Library Facility
|d Remote Storage
|t 0
|e TK5105.857.I57 .P43 1997
|h Library of Congress classification
|i unmediated -- volume
|m A14822398337
|
| 998 |
f |
f |
|a TK5105.857.I57 .P43 1997
|t 0
|l Remote Storage
|